Statistics for NFL Super Bowl Winners

Click here to take the quiz!

General Stats

  • This quiz has been taken 18,420 times
    (12,145 since last reset)
  • The average score is 20 of 23

Answer Stats

YearWinner% Correct
1969, 2019, 2022, 2023Kansas City Chiefs
98%
2001, 2003, 2004, 2014, 2016, 2018New England Patriots
98%
2021Los Angeles Rams
97%
1999St. Louis Rams
97%
2002, 2020Tampa Bay Buccaneers
95%
1966, 1967, 1996, 2010Green Bay Packers
94%
2017Philadelphia Eagles
94%
1997, 1998, 2015Denver Broncos
93%
1974, 1975, 1978, 1979, 2005, 2008Pittsburgh Steelers
92%
1981, 1984, 1988, 1999, 1994San Francisco 49ers
91%
2000, 2012Baltimore Ravens
90%
1971, 1977, 1992, 1993, 1995Dallas Cowboys
90%
1986, 1990, 2007, 2011New York Giants
90%
2013Seattle Seahawks
89%
1968New York Jets
86%
1972, 1973Miami Dolphins
84%
1970Baltimore Colts
83%
2006Indianapolis Colts
83%
1983Los Angeles Raiders
82%
2009New Orleans Saints
82%
1976, 1980Oakland Raiders
82%
1985Chicago Bears
81%
1982, 1987, 1991Washington Redskins
73%

Score Distribution

Percentile by Number Answered

Percent of People with Each Score

Your Score History

You have not taken this quiz since the last reset